| 000 | 00747nam a22002177a 4500 | ||
|---|---|---|---|
| 999 |
_c18114 _d18114 |
||
| 003 | AR-CdUCM | ||
| 008 | 190511b ||||| |||| 00| 0 spa d | ||
| 040 |
_aMUNICIPALIDAD PROVINCIAL DEL CUSCO _cBIBLIOTECA MUNICIPAL DEL CUSCO |
||
| 082 |
_a972.91 / _bL234 |
||
| 100 |
_aLamore, Jean _938510 |
||
| 245 | _aCuba / | ||
| 260 |
_aBarcelona : _bOikos tau, _c1971. |
||
| 300 |
_a122 páginas ; _c20 cm. |
||
| 440 |
_aLengua castellana _n57 _938511 |
||
| 505 | _aContenido : El país y la población -- Cuatro siglos Española -- Diez años de Castrismo transformaciones de la economía y de la sociedad... | ||
| 650 |
_aEtapas históricas _938512 |
||
| 650 |
_aHistoria _9136 |
||
| 650 |
_aPoblación _93673 |
||
| 942 |
_2ddc _cLIBROS |
||
| 945 | _arcc | ||